00481nam a2200145 b 4500003000500000005001700005008004100022020003500063040001400098082001600112245011600128260002600244300003000270650003500300322820231002102950.0220714s9999 xx 000 0 und d a9780702136122cPaperback (pbk) aRDAc3228 a352.068 REA 0aReadings in local government management and development: ba Southern African perspective /cP S Reddy (editor) bJuta,aKenwyn:c1996. axxiv ,309 pages; c25 cm. aLocal governmentzSouth Africa